Tertulias de invierno en Chinchón : (Record no. 166917)
[ view plain ]
| 000 -LEADER | |
|---|---|
| campo de control de longitud fija | 00894nam a2200181 i 4500 |
| 001 - NÚMERO DE CONTROL | |
| campo de control | 166917 |
| 003 - IDENTIFICADOR DE NÚMERO DE CONTROL | |
| campo de control | ES-MaACL |
| 005 - FECHA Y HORA DE LA ÚLTIMA TRANSACCIÓN | |
| campo de control | 20230906213428.0 |
| 008 - DATOS DE LONGITUD FIJA--INFORMACIÓN GENERAL | |
| campo de control de longitud fija | 050922m18151820sp | |||||||| ||spa d |
| 100 1# - ENTRADA PRINCIPAL--NOMBRE DE PERSONA | |
| Nombre de persona | Valladares de Sotomayor, Antonio. |
| 9 (RLIN) | 112732 |
| 245 10 - MENCIÓN DEL TÍTULO | |
| Título | Tertulias de invierno en Chinchón : |
| Resto del título | conversaciones crítico-políticas, morales e instructivas / |
| Mención de responsabilidad, etc. | por Antonio Valladares de Sotomayor. |
| 260 ## - PUBLICACIÓN, DISTRIBUCIÓN, ETC. | |
| Lugar de publicación, distribución, etc. | Madrid : |
| Nombre del editor, distribuidor, etc. | [s.n.], |
| Fecha de publicación, distribución, etc. | 1815-1820 ( |
| Fabricante | Imp. de Francisco de la Parte) |
| 300 ## - DESCRIPCIÓN FÍSICA | |
| Extensión | 4 v. (XVI, 296 ; 288 ; 288 ; 280 p.) ; |
| Dimensiones | 15 cm. |
| 530 ## - NOTA DISPONIBLE DE FORMULARIO FÍSICO ADICIONAL | |
| Nota de formato físico adicional disponible | Disponible en formato digital. |
| 596 ## - NOTA AL PIE DE IMPRENTA | |
| NOTA AL PIE DE IMPRENTA | Vol. II imp. por: Imprenta de la Viuda de Vallin. Vol. III-IV (1820) imp. por: Imprenta de la Viuda de Aznar. |
| 852 ## - LOCALIZACIÓN | |
| Ubicación | ES-MaACL |
| Número de control de estantería | R-1948-51 |
| Nota libre | - Enc. pasta española |
| Encuadernación | - Olim: D-3931-34 |
| 856 ## - LOCALIZACIÓN Y ACCESO ELECTRÓNICOS | |
| Identificador Uniforme de Recursos | <a href="http://bdh-rd.bne.es/viewer.vm?id=0000009704&page=1 ">http://bdh-rd.bne.es/viewer.vm?id=0000009704&page=1 </a> |
| Nota pública | Biblioteca Digital Hispánica |
| Estatus retirado | Estado de pérdida | Estado de daño | No para préstamo | Colección | Biblioteca de origen | Biblioteca actual | Ubicación en estantería | Fecha de adquisición | Total de préstamos | Signatura topográfica completa | Código de barras | Visto por última vez | Precio de reemplazo | Tipo de ítem Koha |
|---|---|---|---|---|---|---|---|---|---|---|---|---|---|---|
| Colección digital | Biblioteca del Ateneo de Madrid | Biblioteca del Ateneo de Madrid | Depósito | 17/01/2008 | R-1948-51 | 1175091 | 23/02/2023 | 23/02/2023 | Libro impreso antiguo |
